000 01287nam a2200241Ia 4500
999 _c34896
_d34896
001 719
003 GE_BSU
005 20230203120336.0
008 181216s2000||||ge |||||||||||||| ||geo||
020 _a9992834803
040 _cGE_BSU
041 _ageo
080 _a502(075.8) მ–75
100 _aმიშველაძე, ბორის
_916852
245 _aთანამედროვე ბუნებისმეტყველების კონცეფციები:
_bსახელმძღვანელო ეკონომიკური, ჰუმანიტარული და იურიდიული სპეციალობის სტუდენტებისათვის /
_cბორის მიშველაძე.; რედ. ზურაბ ურუშაძე.
264 _aთბილისი:
_bმერანი-3,
_c2000.
300 _a274 გვ.;
_b22 სმ.
541 _h8 ლ.
653 _aსაბუნებისმეტყველო-მეცნიერული კულტურები
653 _aმიკროსამყაროს კონცეფციები
700 _aურუშაძე, ზურაბ
_eრედაქტორი
_916853
942 _cBK
_2udc